[Event "Torneo de Navidad Base y Senior - Casino Primitivo"]
[Site "Calle Maestra 3 (Palacio de Cultura) - Jaén, Spain"]
[Date "2023.12.16"]
[Round "5.7"]
[White "Ortega Carrascosa, Cristobal"]
[Black "Prieto Melendrez, Gustavo"]
[Result "0-1"]
[TimeControl "10´ + 5\""]
[WhiteFideId "32041560"]
[BlackFideId "32048041"]
[WhiteElo "1483"]
[BlackElo "1697"]

1. d4 {[%clk 00:10:07]} {[%emt 00:00:04]} Nf6 {[%clk 00:10:10]} {[%emt
00:00:03]} 2. c4 {[%clk 00:10:11]} {[%emt 00:00:02]} g6 {[%clk 00:10:13]}
{[%emt 00:00:02]} 3. g3 {[%clk 00:10:14]} {[%emt 00:00:02]} Bg7 {[%clk
00:10:14]} {[%emt 00:00:03]} 4. Bg2 {[%clk 00:10:18]} {[%emt 00:00:02]} O-O
{[%clk 00:10:16]} {[%emt 00:00:03]} 5. Nf3 {[%clk 00:10:21]} {[%emt 00:00:01]}
d5 {[%clk 00:09:53]} {[%emt 00:00:28]} 6. cxd5 {[%clk 00:10:13]} {[%emt
00:00:13]} Nxd5 {[%clk 00:09:56]} {[%emt 00:00:02]} 7. O-O {[%clk 00:09:53]}
{[%emt 00:00:25]} Nc6 {[%clk 00:09:25]} {[%emt 00:00:36]} 8. e3 {[%clk
00:09:49]} {[%emt 00:00:09]} Bf5 {[%clk 00:08:31]} {[%emt 00:00:58]} 9. Nbd2
{[%clk 00:09:31]} {[%emt 00:00:22]} Ndb4 {[%clk 00:08:13]} {[%emt 00:00:25]} 10.
Ne1 {[%clk 00:08:58]} {[%emt 00:00:36]} Nd3 {[%clk 00:06:30]} {[%emt 00:01:49]}
11. Nxd3 {[%clk 00:08:55]} {[%emt 00:00:08]} Bxd3 {[%clk 00:06:33]} {[%emt
00:00:02]} 12. Re1 {[%clk 00:08:56]} {[%emt 00:00:03]} e5 {[%clk 00:06:08]}
{[%emt 00:00:31]} 13. Ne4 {[%clk 00:08:08]} {[%emt 00:00:52]} Bxe4 {[%clk
00:05:57]} {[%emt 00:00:18]} 14. Bxe4 {[%clk 00:08:06]} {[%emt 00:00:07]} exd4
{[%clk 00:05:59]} {[%emt 00:00:03]} 15. Bxc6 {[%clk 00:07:58]} {[%emt
00:00:13]} bxc6 {[%clk 00:06:03]} {[%emt 00:00:02]} 16. exd4 {[%clk 00:07:47]}
{[%emt 00:00:16]} Bxd4 {[%clk 00:05:53]} {[%emt 00:00:14]} 17. Re4 {[%clk
00:07:28]} {[%emt 00:00:23]} c5 {[%clk 00:05:46]} {[%emt 00:00:13]} 18. Qf3
{[%clk 00:07:04]} {[%emt 00:00:24]} Qf6 {[%clk 00:05:45]} {[%emt 00:00:10]} 19.
Rf4 {[%clk 00:06:24]} {[%emt 00:00:36]} Qb6 {[%clk 00:05:16]} {[%emt 00:00:42]}
20. Rb1 {[%clk 00:06:05]} {[%emt 00:00:24]} Rae8 {[%clk 00:05:20]} {[%emt
00:00:02]} 21. Re4 {[%clk 00:05:35]} {[%emt 00:00:32]} Qc6 {[%clk 00:05:11]}
{[%emt 00:00:16]} 22. Bh6 {[%clk 00:05:16]} {[%emt 00:00:16]} Qxe4 {[%clk
00:05:00]} {[%emt 00:00:24]} 23. Qxe4 {[%clk 00:05:13]} {[%emt 00:00:09]} Rxe4
{[%clk 00:05:04]} {[%emt 00:00:01]} 24. Bxf8 {[%clk 00:05:16]} {[%emt
00:00:01]} Kxf8 {[%clk 00:05:04]} {[%emt 00:00:04]} 25. Kg2 {[%clk 00:05:13]}
{[%emt 00:00:03]} Re2 {[%clk 00:05:07]} {[%emt 00:00:07]} 26. Kh3 {[%clk
00:05:16]} {[%emt 00:00:02]} Rxf2 {[%clk 00:05:03]} {[%emt 00:00:09]} 27. b4
{[%clk 00:05:13]} {[%emt 00:00:08]} Rxa2 {[%clk 00:04:44]} {[%emt 00:00:24]} 28.
bxc5 {[%clk 00:05:14]} {[%emt 00:00:04]} Bxc5 {[%clk 00:04:47]} {[%emt
00:00:02]} 29. Rb7 {[%clk 00:05:16]} {[%emt 00:00:03]} Bb6 {[%clk 00:04:51]}
{[%emt 00:00:02]} 30. Rb8+ {[%clk 00:05:19]} {[%emt 00:00:02]} Kg7 {[%clk
00:04:54]} {[%emt 00:00:01]} 31. Re8 {[%clk 00:05:23]} {[%emt 00:00:02]} c5
{[%clk 00:04:47]} {[%emt 00:00:12]} 0-1

[Event "Torneo de Navidad Base y Senior - Casino Primitivo"]
[Site "Calle Maestra 3 (Palacio de Cultura) - Jaén, Spain"]
[Date "2023.12.16"]
[Round "6.1"]
[White "Molina Colmenero, Jose"]
[Black "Alvarez Fernandez, Carlos Rene"]
[Result "0-1"]
[TimeControl "10´ + 5\""]
[WhiteFideId "22226702"]
[BlackFideId "3501507"]
[WhiteElo "1758"]
[BlackElo "2298"]

1. d4 {[%clk 00:10:08]} {[%emt 00:00:02]} Nf6 {[%clk 00:10:05]} {[%emt
00:00:06]} 2. Bf4 {[%clk 00:10:10]} {[%emt 00:00:02]} c5 {[%clk 00:09:58]}
{[%emt 00:00:13]} 3. e3 {[%clk 00:10:13]} {[%emt 00:00:02]} Qb6 {[%clk
00:09:46]} {[%emt 00:00:17]} 4. Na3 {[%clk 00:09:33]} {[%emt 00:00:46]} d6
{[%emt 00:00:32]} 5. Nc4 {[%clk 00:09:30]} {[%emt 00:00:07]} Qc7 {[%clk
00:09:19]} {[%emt 00:00:06]} 6. Nf3 {[%clk 00:09:07]} {[%emt 00:00:28]} Bg4
{[%clk 00:09:18]} {[%emt 00:00:06]} 7. h3 {[%clk 00:08:30]} {[%emt 00:00:41]}
Bxf3 {[%clk 00:09:15]} {[%emt 00:00:08]} 8. Qxf3 {[%clk 00:08:27]} {[%emt
00:00:08]} cxd4 {[%clk 00:09:12]} {[%emt 00:00:08]} 9. exd4 {[%clk 00:08:25]}
{[%emt 00:00:07]} Nc6 {[%clk 00:09:07]} {[%emt 00:00:10]} 10. c3 {[%clk
00:07:46]} {[%emt 00:00:44]} g6 {[%clk 00:08:20]} {[%emt 00:00:52]} 11. Qe3
{[%clk 00:06:52]} {[%emt 00:00:58]} Nd5 {[%clk 00:08:03]} {[%emt 00:00:23]} 12.
Bxd6 {[%clk 00:06:20]} {[%emt 00:00:37]} Nxe3 {[%clk 00:07:54]} {[%emt
00:00:13]} 13. Bxc7 {[%clk 00:06:24]} {[%emt 00:00:02]} Nc2+ {[%clk 00:07:57]}
{[%emt 00:00:02]} 14. Kd2 {[%clk 00:06:27]} {[%emt 00:00:02]} Nxa1 {[%clk
00:08:01]} {[%emt 00:00:01]} 15. Bd3 {[%clk 00:06:05]} {[%emt 00:00:27]} Bh6+
{[%clk 00:07:53]} {[%emt 00:00:13]} 16. Ne3 {[%clk 00:06:01]} {[%emt 00:00:08]}
O-O {[%clk 00:07:40]} {[%emt 00:00:17]} 17. Rxa1 {[%clk 00:06:04]} {[%emt
00:00:03]} Rac8 {[%clk 00:07:44]} {[%emt 00:00:01]} 18. Bg3 {[%clk 00:05:45]}
{[%emt 00:00:24]} Rfd8 {[%clk 00:07:47]} {[%emt 00:00:02]} 19. Be4 {[%clk
00:05:14]} {[%emt 00:00:35]} Nxd4 {[%clk 00:07:32]} {[%emt 00:00:20]} 20. Bxb7
{[%clk 00:04:34]} {[%emt 00:00:46]} Nb3+ {[%clk 00:07:19]} {[%emt 00:00:18]} 21.
Kc2 {[%clk 00:04:35]} {[%emt 00:00:04]} Nxa1+ {[%clk 00:07:21]} {[%emt
00:00:03]} 22. Kb1 {[%clk 00:04:35]} {[%emt 00:00:05]} Bxe3 {[%clk 00:07:16]}
{[%emt 00:00:10]} 0-1

[Event "Torneo de Navidad Base y Senior - Casino Primitivo"]
[Site "Calle Maestra 3 (Palacio de Cultura) - Jaén, Spain"]
[Date "2023.12.16"]
[Round "6.2"]
[White "Martos Exposito, Manuel"]
[Black "Lirio Palomino, Javier"]
[Result "1-0"]
[TimeControl "10´ + 5\""]
[WhiteFideId "2206951"]
[BlackFideId "54766338"]
[WhiteElo "1952"]
[BlackElo "1385"]

1. b3 {[%clk 00:10:07]} {[%emt 00:00:02]} e5 {[%clk 00:10:08]} {[%emt
00:00:02]} 2. Bb2 {[%clk 00:10:12]} Nc6 {[%clk 00:10:10]} {[%emt 00:00:03]} 3.
e3 {[%clk 00:10:15]} {[%emt 00:00:01]} d5 {[%clk 00:10:11]} {[%emt 00:00:05]} 4.
d3 {[%clk 00:10:15]} {[%emt 00:00:05]} Nf6 {[%clk 00:10:10]} {[%emt 00:00:05]}
5. Nd2 {[%clk 00:10:19]} {[%emt 00:00:02]} Bc5 {[%clk 00:10:10]} {[%emt
00:00:06]} 6. g3 {[%clk 00:10:12]} {[%emt 00:00:12]} O-O {[%clk 00:09:57]}
{[%emt 00:00:18]} 7. Bg2 {[%clk 00:10:15]} {[%emt 00:00:02]} d4 {[%clk
00:09:44]} {[%emt 00:00:19]} 8. e4 {[%clk 00:10:00]} {[%emt 00:00:19]} Be6
{[%clk 00:09:27]} {[%emt 00:00:22]} 9. Ne2 {[%clk 00:09:54]} {[%emt 00:00:12]}
Qd7 {[%clk 00:08:59]} {[%emt 00:00:33]} 10. h3 {[%clk 00:09:57]} {[%emt
00:00:02]} Rad8 {[%clk 00:08:11]} {[%emt 00:00:53]} 11. g4 {[%clk 00:09:51]}
{[%emt 00:00:11]} h6 {[%clk 00:08:08]} {[%emt 00:00:07]} 12. Ng3 {[%clk
00:09:54]} {[%emt 00:00:02]} g6 {[%clk 00:07:48]} {[%emt 00:00:25]} 13. a3
{[%clk 00:09:56]} {[%emt 00:00:03]} a5 {[%clk 00:07:45]} {[%emt 00:00:08]} 14.
Nf3 {[%clk 00:09:05]} {[%emt 00:00:55]} h5 {[%clk 00:06:59]} {[%emt 00:00:50]}
15. gxh5 {[%clk 00:08:39]} {[%emt 00:00:33]} Nxh5 {[%clk 00:06:48]} {[%emt
00:00:16]} 16. Nxh5 {[%clk 00:08:30]} {[%emt 00:00:14]} gxh5 {[%clk 00:06:49]}
{[%emt 00:00:03]} 17. Ng5 {[%clk 00:07:55]} {[%emt 00:00:40]} f6 {[%clk
00:06:47]} {[%emt 00:00:07]} 18. Nxe6 {[%clk 00:07:44]} {[%emt 00:00:17]} Qxe6
{[%clk 00:06:50]} {[%emt 00:00:02]} 19. Qxh5 {[%clk 00:07:24]} {[%emt
00:00:25]} Rf7 {[%clk 00:06:46]} {[%emt 00:00:10]} 20. Bf3 {[%clk 00:07:11]}
{[%emt 00:00:17]} Kf8 {[%clk 00:06:06]} {[%emt 00:00:44]} 21. O-O-O {[%clk
00:06:17]} {[%emt 00:01:01]} Ke7 {[%clk 00:05:32]} {[%emt 00:00:38]} 22. Kb1
{[%clk 00:05:37]} {[%emt 00:00:45]} Rg8 {[%clk 00:04:45]} {[%emt 00:00:52]} 23.
Rhg1 {[%clk 00:05:14]} {[%emt 00:00:28]} Rfg7 {[%clk 00:04:41]} {[%emt
00:00:09]} 24. Rxg7+ {[%clk 00:05:16]} {[%emt 00:00:04]} Rxg7 {[%clk 00:04:44]}
{[%emt 00:00:02]} 25. Bg4 {[%clk 00:05:07]} {[%emt 00:00:14]} Qd6 {[%clk
00:04:40]} {[%emt 00:00:08]} 26. Ka2 {[%clk 00:04:56]} {[%emt 00:00:16]} Nd8
{[%clk 00:04:34]} {[%emt 00:00:11]} 27. Qh6 {[%clk 00:04:51]} {[%emt 00:00:10]}
Kf8 {[%clk 00:04:21]} {[%emt 00:00:17]} 28. Rg1 {[%clk 00:04:48]} {[%emt
00:00:10]} Qe7 {[%clk 00:03:48]} {[%emt 00:00:36]} 29. Bf5 {[%clk 00:04:21]}
{[%emt 00:00:33]} Kg8 {[%clk 00:03:29]} {[%emt 00:00:24]} 30. Qh7+ {[%clk
00:04:14]} {[%emt 00:00:11]} Kf8 {[%clk 00:02:55]} {[%emt 00:00:40]} 31. Qh8+
{[%clk 00:04:12]} {[%emt 00:00:07]} Kf7 {[%clk 00:02:37]} {[%emt 00:00:04]} 32.
Rxg7# 1-0

[Event "Torneo de Navidad Base y Senior - Casino Primitivo"]
[Site "Calle Maestra 3 (Palacio de Cultura) - Jaén, Spain"]
[Date "2023.12.16"]
[Round "6.3"]
[White "Barruz Serrano, Antonio Angel"]
[Black "Hernandez Hurtado, Jose Carlos"]
[Result "1-0"]
[WhiteElo "1895"]
[BlackElo "1568"]
[PlyCount "159"]
[EventDate "2023.??.??"]

{[%evp 0,159,24,-23,13,30,17,9,36,29,26,32,30,11,13,5,18,7,23,-1,1,-23,-11,0,0,16,17,17,10,6,34,24,56,-9,5,-26,-10,-40,11,-15,9,-26,-1,-4,69,41,100,52,116,29,48,81,75,86,100,115,123,99,133,39,54,27,-9,-71,0,0,81,97,100,39,77,66,78,76,76,76,99,34,76,40,59,69,78,48,65,57,55,62,89,84,77,81,101,83,101,81,110,110,129,78,110,84,78,78,110,107,423,450,437,458,471,477,496,508,508,527,527,548,571,572,590,477,571,490,629,645,646,719,811,646,783,640,917,731,862,367,369,288,328,293,394,399,848,243,259,270,402,463,481,255,350,370,529,548,597,397,401,428,452,409,2511,28276]} 1. c4 {[%emt 0:00:04]} c5 {[%emt 0:00:05]} 2. Nf3 {[%emt 0:00:03]} Nf6 {[%emt 0:00:02]} 3. g3 {[%emt 0:00:01]} g6 {[%emt 0:00:01]} 4. Bg2 {[%emt 0:00:01]} Bg7 {[%emt 0:00:02]} 5. Nc3 {[%emt 0:00:02]} Nc6 {[%emt 0:00:02]} 6. O-O {[%emt 0:00:02]} d6 {[%emt 0:00:02]} 7. d4 {[%emt 0:00:40]} cxd4 {[%emt 0:00:03]} 8. Nxd4 {[%emt 0:00:01]} Bd7 {[%emt 0:00:14]} 9. Nxc6 {[%emt 0:01:27]} bxc6 {[%emt 0:00:02]} 10. Rb1 {[%emt 0:00:11]} O-O {[%emt 0:00:05]} 11. b3 {[%emt 0:00:33]} Qc7 {[%emt 0:00:45]} 12. Bb2 {[%emt 0:00:03]} Rfd8 {[%emt 0:00:07]} 13. Rc1 {[%emt 0:00:33]} Rac8 {[%emt 0:00:24]} 14. Qd2 {[%emt 0:00:12]} Qb6 {[%emt 0:00:19]} 15. Na4 {[%emt 0:00:22]} Qb7 {[%emt 0:00:38]} 16. c5 {[%emt 0:00:14]} d5 {[%emt 0:01:10]} 17. Qa5 {[%emt 0:00:26]} Re8 {[%emt 0:00:47]} 18. Rfe1 {[%emt 0:00:27]} Bh6 {[%emt 0:00:13]} 19. e3 {[%emt 0:00:34]} Bg7 {[%emt 0:00:14]} 20. Bf1 {[%emt 0:00:07]} Rcd8 {[%emt 0:00:23]} 21. Be5 {[%emt 0:00:13]} a6 {[%emt 0:02:48]} 22. Qxa6 {[%emt 0:00:24]} Qb4 {[%emt 0:00:12]} 23. Qe2 {[%emt 0:00:37]} Qe4 {[%emt 0:00:24]} 24. Bxf6 {[%emt 0:00:17]} Bxf6 {[%emt 0:00:19]} 25. Bg2 Qb4 {[%emt 0:00:06]} 26. e4 {[%emt 0:01:04]} dxe4 {[%emt 0:00:14]} 27. Qxe4 {[%emt 0:00:02]} Qa3 {[%emt 0:00:18]} 28. Qe2 {[%emt 0:00:12]} Qb4 {[%emt 0:00:16]} 29. Rcd1 {[%emt 0:00:06]} Bg4 {[%emt 0:00:32]} 30. Rxd8 {[%emt 0:00:14]} Rxd8 {[%emt 0:00:01]} 31. Qe4 {[%emt 0:00:44]} Qxe4 {[%emt 0:00:25]} 32. Bxe4 {[%emt 0:00:02]} Rc8 {[%emt 0:00:09]} 33. f3 {[%emt 0:00:08]} Be6 {[%emt 0:00:02]} 34. Nb6 {[%emt 0:00:06]} Rc7 {[%emt 0:00:02]} 35. Rd1 {[%emt 0:00:06]} Kg7 {[%emt 0:00:09]} 36. Kf2 {[%emt 0:00:04]} Bc3 {[%emt 0:00:03]} 37. Ke3 {[%emt 0:00:27]} Ba5 {[%emt 0:00:01]} 38. Na4 {[%emt 0:00:04]} Bb4 {[%emt 0:00:12]} 39. g4 {[%emt 0:01:03]} Kf6 {[%emt 0:00:12]} 40. h4 {[%emt 0:00:03]} h6 {[%emt 0:00:02]} 41. Bc2 {[%emt 0:00:33]} Bd5 {[%emt 0:00:14]} 42. f4 {[%emt 0:00:02]} Be6 {[%emt 0:00:08]} 43. g5+ {[%emt 0:00:06]} hxg5 {[%emt 0:00:02]} 44. hxg5+ {[%emt 0:00:07]} Kg7 {[%emt 0:00:02]} 45. Be4 {[%emt 0:00:10]} Bg4 {[%emt 0:00:17]} 46. Rd3 {[%emt 0:00:16]} Be6 {[%emt 0:00:05]} 47. Rd1 {[%emt 0:00:15]} f5 {[%emt 0:00:14]} 48. Bf3 {[%emt 0:00:11]} Kf7 {[%emt 0:00:01]} 49. Rd8 {[%emt 0:00:02]} Kg7 {[%emt 0:00:13]} 50. Kd3 {[%emt 0:00:08]} Kf7 {[%emt 0:00:08]} 51. Ke3 Bd7 {[%emt 0:00:22]} 52. Rb8 {[%emt 0:00:02]} Ba5 {[%emt 0:00:22]} 53. b4 {[%emt 0:00:04]} Ra7 {[%emt 0:00:08]} 54. bxa5 {[%emt 0:00:02]} Rxa5 55. Rb4 Ke6 {[%emt 0:00:04]} 56. Kd4 {[%emt 0:00:01]} Ra8 {[%emt 0:00:09]} 57. Nc3 {[%emt 0:00:01]} Rd8 {[%emt 0:00:02]} 58. Ke3 {[%emt 0:00:03]} Ra8 59. a4 {[%emt 0:00:02]} Kf7 {[%emt 0:00:05]} 60. Rd4 {[%emt 0:00:01]} Be6 {[%emt 0:00:02]} 61. Bxc6 {[%emt 0:00:03]} Ra5 {[%emt 0:00:02]} 62. Bb5 {[%emt 0:00:02]} Ra8 {[%emt 0:00:03]} 63. c6 {[%emt 0:00:05]} Rc8 {[%emt 0:00:04]} 64. Ne2 {[%emt 0:00:06]} Bb3 {[%emt 0:00:13]} 65. Nc3 {[%emt 0:00:03]} Ke6 {[%emt 0:00:03]} 66. Nb1 {[%emt 0:00:06]} Bd5 {[%emt 0:00:02]} 67. Rxd5 {[%emt 0:00:08]} Kxd5 {[%emt 0:00:02]} 68. Nc3+ {[%emt 0:00:02]} Kc5 {[%emt 0:00:02]} 69. Ne2 {[%emt 0:00:05]} Kb6 {[%emt 0:00:03]} 70. Nd4 Kc5 {[%emt 0:00:10]} 71. Ne6+ {[%emt 0:00:01]} Kd6 {[%emt 0:00:03]} 72. Nd4 {[%emt 0:00:04]} e5 {[%emt 0:00:02]} 73. fxe5+ {[%emt 0:00:05]} Kxe5 {[%emt 0:00:01]} 74. Nf3+ {[%emt 0:00:41]} Kd5 {[%emt 0:00:10]} 75. Kf4 {[%emt 0:00:08]} Rc7 {[%emt 0:00:06]} 76. Nh4 {[%emt 0:00:02]} Rg7 {[%emt 0:00:46]} 77. c7 {[%emt 0:00:04]} Rxc7 78. Nxg6 Ke6 {[%emt 0:00:04]} 79. Nh4 {[%emt 0:00:06]} Rf7 {[%emt 0:00:09]} 80. Bc4+ {[%emt 0:00:21]} 1-0

[Event "Torneo de Navidad Base y Senior - Casino Primitivo"]
[Site "Calle Maestra 3 (Palacio de Cultura) - Jaén, Spain"]
[Date "2023.12.16"]
[Round "6.4"]
[White "Prieto Melendrez, Gustavo"]
[Black "Lopez Munoz, Miguel Angel"]
[Result "0-1"]
[TimeControl "10´ + 5\""]
[WhiteFideId "32048041"]
[BlackFideId "2245116"]
[WhiteElo "1697"]
[BlackElo "1802"]

1. e4 {[%clk 00:10:07]} {[%emt 00:00:03]} c5 {[%clk 00:10:11]} {[%emt
00:00:04]} 2. Nf3 {[%clk 00:10:05]} {[%emt 00:00:07]} d6 {[%clk 00:10:14]}
{[%emt 00:00:02]} 3. Be2 {[%clk 00:10:02]} {[%emt 00:00:08]} g6 {[%clk
00:10:13]} {[%emt 00:00:06]} 4. d4 {[%clk 00:10:03]} {[%emt 00:00:03]} cxd4
{[%clk 00:10:13]} {[%emt 00:00:06]} 5. c3 {[%clk 00:10:06]} {[%emt 00:00:02]}
d3 {[%clk 00:10:16]} {[%emt 00:00:02]} 6. Bxd3 {[%clk 00:10:00]} {[%emt
00:00:11]} Bg7 {[%clk 00:10:19]} {[%emt 00:00:02]} 7. O-O {[%clk 00:10:02]}
{[%emt 00:00:04]} Nf6 {[%clk 00:10:22]} {[%emt 00:00:03]} 8. Bb5+ {[%clk
00:08:56]} {[%emt 00:01:10]} Bd7 {[%clk 00:10:25]} {[%emt 00:00:02]} 9. Bxd7+
{[%clk 00:08:46]} {[%emt 00:00:15]} Nbxd7 {[%clk 00:10:28]} {[%emt 00:00:02]}
10. Qe2 {[%clk 00:08:40]} {[%emt 00:00:10]} O-O {[%clk 00:10:24]} {[%emt
00:00:09]} 11. Bf4 {[%clk 00:08:12]} {[%emt 00:00:33]} Nc5 {[%clk 00:10:10]}
{[%emt 00:00:19]} 12. Nbd2 {[%clk 00:07:52]} {[%emt 00:00:25]} Ne6 {[%clk
00:10:06]} {[%emt 00:00:09]} 13. Bg3 {[%clk 00:07:48]} {[%emt 00:00:09]} Nh5
{[%clk 00:10:09]} {[%emt 00:00:03]} 14. Rfd1 {[%clk 00:07:30]} {[%emt
00:00:23]} Qc7 {[%clk 00:09:50]} {[%emt 00:00:24]} 15. Qc4 {[%clk 00:06:33]}
{[%emt 00:01:01]} Qb6 {[%clk 00:09:31]} {[%emt 00:00:25]} 16. Qb3 {[%clk
00:06:25]} {[%emt 00:00:14]} Qxb3 {[%clk 00:09:29]} {[%emt 00:00:07]} 17. axb3
{[%clk 00:06:23]} {[%emt 00:00:07]} Nxg3 {[%clk 00:09:31]} {[%emt 00:00:03]} 18.
hxg3 {[%clk 00:06:26]} {[%emt 00:00:01]} a6 {[%clk 00:09:32]} {[%emt 00:00:04]}
19. b4 {[%clk 00:06:14]} {[%emt 00:00:17]} Rac8 {[%clk 00:09:32]} {[%emt
00:00:05]} 20. Nb3 {[%clk 00:06:09]} {[%emt 00:00:10]} h5 {[%clk 00:09:34]}
{[%emt 00:00:04]} 21. Nfd4 {[%clk 00:05:59]} {[%emt 00:00:15]} Nxd4 {[%clk
00:09:31]} {[%emt 00:00:08]} 22. Nxd4 {[%clk 00:06:02]} {[%emt 00:00:02]} Rc4
{[%clk 00:09:22]} {[%emt 00:00:14]} 23. f3 {[%clk 00:05:49]} {[%emt 00:00:19]}
Rfc8 {[%clk 00:09:20]} {[%emt 00:00:07]} 24. Nb3 {[%clk 00:05:12]} {[%emt
00:00:42]} Kf8 {[%clk 00:08:53]} {[%emt 00:00:32]} 25. Kf2 {[%clk 00:05:15]}
{[%emt 00:00:02]} Ke8 {[%clk 00:08:55]} {[%emt 00:00:03]} 26. Ke3 {[%clk
00:04:28]} {[%emt 00:00:51]} Kd7 {[%clk 00:08:50]} {[%emt 00:00:11]} 27. f4
{[%clk 00:04:13]} {[%emt 00:00:20]} Ke6 {[%clk 00:08:15]} {[%emt 00:00:41]} 28.
Nd4+ {[%clk 00:04:00]} {[%emt 00:00:17]} Kd7 {[%clk 00:08:08]} {[%emt
00:00:12]} 29. Nb3 {[%clk 00:03:31]} {[%emt 00:00:34]} Bxc3 {[%clk 00:07:43]}
{[%emt 00:00:30]} 30. bxc3 {[%clk 00:03:21]} {[%emt 00:00:16]} Rxc3+ {[%clk
00:07:44]} {[%emt 00:00:04]} 31. Rd3 {[%clk 00:03:24]} {[%emt 00:00:01]} Rc2
{[%clk 00:07:42]} {[%emt 00:00:07]} 32. Kf3 {[%clk 00:03:09]} {[%emt 00:00:21]}
Rb2 {[%clk 00:07:41]} {[%emt 00:00:05]} 33. Rad1 {[%clk 00:02:51]} {[%emt
00:00:23]} Rcc2 {[%clk 00:07:41]} {[%emt 00:00:06]} 34. e5 {[%clk 00:02:41]}
{[%emt 00:00:15]} Ke6 {[%clk 00:07:26]} {[%emt 00:00:20]} 35. exd6 {[%clk
00:02:42]} {[%emt 00:00:04]} Rf2+ {[%clk 00:07:29]} {[%emt 00:00:03]} 36. Ke4
{[%clk 00:02:26]} {[%emt 00:00:20]} exd6 {[%clk 00:07:31]} {[%emt 00:00:03]} 37.
Rxd6+ {[%clk 00:02:29]} {[%emt 00:00:03]} Ke7 {[%clk 00:07:33]} {[%emt
00:00:02]} 38. Rd7+ {[%clk 00:02:29]} {[%emt 00:00:06]} Kf8 {[%clk 00:07:35]}
{[%emt 00:00:03]} 39. Nc5 {[%clk 00:01:59]} {[%emt 00:00:35]} Rxb4+ {[%clk
00:07:18]} {[%emt 00:00:23]} 40. R1d4 {[%clk 00:01:54]} {[%emt 00:00:09]} Rxd4+
{[%clk 00:06:46]} {[%emt 00:00:36]} 41. Rxd4 {[%clk 00:01:34]} {[%emt
00:00:26]} Rxg2 {[%clk 00:06:47]} {[%emt 00:00:04]} 42. Kf3 {[%clk 00:01:15]}
{[%emt 00:00:23]} Rb2 {[%clk 00:06:49]} {[%emt 00:00:03]} 43. Rd8+ {[%clk
00:01:18]} {[%emt 00:00:03]} Kg7 {[%clk 00:06:49]} {[%emt 00:00:05]} 44. Rb8
{[%clk 00:01:22]} {[%emt 00:00:01]} b6 {[%clk 00:06:09]} {[%emt 00:00:45]} 45.
Nxa6 {[%clk 00:01:23]} {[%emt 00:00:04]} Kf6 {[%clk 00:06:11]} {[%emt
00:00:03]} 46. Nc7 {[%clk 00:01:25]} {[%emt 00:00:03]} Rb3+ {[%clk 00:06:06]}
{[%emt 00:00:10]} 47. Kf2 {[%clk 00:01:26]} {[%emt 00:00:03]} Rb2+ {[%clk
00:06:09]} {[%emt 00:00:03]} 48. Kf3 {[%clk 00:01:30]} {[%emt 00:00:01]} Rb3+
{[%clk 00:06:13]} {[%emt 00:00:01]} 49. Kg2 {[%clk 00:01:35]} Kf5 {[%clk
00:06:08]} {[%emt 00:00:10]} 50. Rf8 {[%clk 00:01:29]} {[%emt 00:00:10]} Kg4
{[%clk 00:06:10]} {[%emt 00:00:04]} 51. Rxf7 {[%clk 00:01:25]} {[%emt
00:00:09]} Rb2+ {[%clk 00:06:13]} {[%emt 00:00:01]} 52. Kf1 {[%clk 00:01:28]}
{[%emt 00:00:01]} Kxg3 {[%clk 00:06:17]} {[%emt 00:00:02]} 53. f5 {[%clk
00:01:21]} {[%emt 00:00:12]} Rf2+ {[%clk 00:06:13]} {[%emt 00:00:08]} 54. Ke1
{[%clk 00:01:25]} {[%emt 00:00:01]} Rxf5 {[%clk 00:06:17]} {[%emt 00:00:01]} 55.
Rxf5 {[%emt 00:02:18]} gxf5 {[%clk 00:06:14]} {[%emt 00:00:11]} 56. Kf1 {[%clk
00:00:46]} {[%emt 00:00:06]} h4 {[%clk 00:06:12]} {[%emt 00:00:08]} 57. Nd5
{[%clk 00:00:45]} {[%emt 00:00:06]} b5 {[%clk 00:06:15]} {[%emt 00:00:02]} 58.
Ne3 {[%clk 00:00:39]} {[%emt 00:00:10]} f4 {[%clk 00:06:17]} {[%emt 00:00:03]}
59. Nf5+ {[%clk 00:00:43]} {[%emt 00:00:01]} Kg4 {[%clk 00:06:18]} {[%emt
00:00:04]} 60. Nd4 {[%clk 00:00:47]} {[%emt 00:00:01]} b4 {[%clk 00:06:21]}
{[%emt 00:00:02]} 61. Kg2 {[%clk 00:00:34]} {[%emt 00:00:17]} h3+ {[%clk
00:06:20]} {[%emt 00:00:06]} 62. Kh2 {[%clk 00:00:38]} {[%emt 00:00:02]} f3
{[%clk 00:06:21]} {[%emt 00:00:04]} 63. Nc2 {[%clk 00:00:08]} {[%emt 00:00:35]}
f2 {[%clk 00:06:08]} {[%emt 00:00:17]} 64. Ne3+ {[%clk 00:00:07]} {[%emt
00:00:06]} Kf3 {[%clk 00:06:11]} {[%emt 00:00:02]} 65. Nf1 {[%clk 00:00:07]}
{[%emt 00:00:04]} Ke2 {[%clk 00:06:12]} {[%emt 00:00:04]} 66. Ng3+ {[%emt
00:00:07]} Ke1 {[%clk 00:06:07]} {[%emt 00:00:04]} 0-1